Nazionali che hanno partecipato almeno una volta agli Europei - Statistics

Statistiche generali
  • Questo quiz è stato fatto 277 volte
  • Il punteggio medio è 32 su 35
Statistiche sulle risposte
PARTECIPAZIONI NAZIONE % Corretto
11 Francia
100%
11 Italia
100%
9 Portogallo
100%
13 Spagna
100%
14 Germania
99%
11 Inghilterra
98%
11 Olanda/Paesi Bassi
97%
7 Svezia
97%
6 Svizzera
97%
7 Belgio
95%
3 Irlanda
94%
2 Norvegia
94%
4 Austria
93%
7 Croazia
93%
10 Danimarca
93%
12 Russia/URSS
93%
4 Grecia
92%
3 Slovacchia
92%
1 Slovenia
92%
3 Ucraina
92%
4 Polonia
91%
6 Romania
90%
6 Serbia/Jugoslavia
90%
11 Cecoslovacchia/Repubblica Ceca/Cechia
89%
1 Finlandia
88%
4 Scozia
88%
5 Ungheria
88%
2 Albania
87%
6 Turchia
87%
2 Bulgaria
86%
2 Galles
86%
1 Islanda
82%
1 Macedonia
78%
1 Lettonia
77%
1 Irlanda del Nord
73%
Nessun quiz corrispondente trovato
Distribuzione punteggi
Percentuale di utenti per punteggio
Percentile per numero di risposta
I tuoi punteggi nel tempo
Non hai fatto questo quiz